| 000 | 00418nam a22001457a 4500 | ||
|---|---|---|---|
| 020 | _a9789332549456 | ||
| 082 | _a629.283 JOH | ||
| 100 |
_aJohnson, Curtis.D _9129 |
||
| 245 | _aProcess Control Instrumentation Technology | ||
| 250 | _a8TH | ||
| 260 |
_aINDIA _bPEARSON EDUCATION _c2015 |
||
| 300 | _a680P | ||
| 650 |
_aProcess Control Instrumentation Technology.Instrumentation Technology _997179 |
||
| 942 |
_cBK _2ddc |
||
| 999 |
_c491205 _d491205 |
||